000 00583nam a22002055i 4500
001 11145
003 ES-MaACL
005 20250829034407.0
007 t|
008 950620s1995 sp ||||0| spa j
020 _a84-204-8171-8
040 _aM-BN
_bspa
_cM-BN
080 _a860-31"19"
100 1 _aMuñoz Molina, Antonio,
_d1956-
_984461
245 1 0 _aArdor guerrero
_b: una memoria militar /
_cAntonio Muñoz Molina.
260 _aMadrid :
_bAlfaguara,
_c1995.
300 _a384 p ;
_c22 cm.
852 _aES-MaACL
_jL-18518
_bR.124749
999 _c11145
_d11145